| 000 | 01188cam a22002531i 4500 | ||
|---|---|---|---|
| 003 | SA-RiAUC | ||
| 005 | 20241013081200.0 | ||
| 008 | 241013s2014____su g 000 1 ara c | ||
| 040 |
_aSA-RiKAPL _bara _cSA-RiAUC _erda |
||
| 082 | 0 | 4 |
_a813 _qSA-RiAUC |
| 090 |
_a813 _bد ا غ |
||
| 100 | 1 |
_aداغستاني، عبد العزيز إسماعيل عبد المجيد، _d1366 هجري- _eمؤلف. |
|
| 245 | 1 | 0 |
_aمن كسر غصن الشجرة ؟ : _bتأملات في الحياة / _cعبد العزيز إسماعيل داغستاني ؛ تقديم عبد الرحمن صالح الشبيلي. |
| 250 | _aالطبعة الأولى. | ||
| 264 | 1 |
_aالرياض : _bدار الداغستاني للنشر والتوزيع، _c2014 |
|
| 300 |
_a145 صفحة ؛ _c24 سم |
||
| 336 |
_aنص _btxt _2rdacontent _3كتاب |
||
| 337 |
_aبدون وسيط _bn _2rdamedia |
||
| 338 |
_aمجلد _bnc _2rdacarrier |
||
| 650 | 7 |
_aالقصص العربية _zالسعودية _yقرن 15 هجري. _2aucsh |
|
| 700 | 1 |
_aالشبيلي، عبد الرحمن بن صالح بن عبد الله، _d1363-1440 هجري _eمقدم. |
|
| 942 |
_2ddc _cBOOK _n0 |
||
| 949 |
_aSA-JeALM _d241013 _umohamedma123 _n1 |
||
| 999 |
_c1252 _d1252 |
||